[Event "Titled Tuesday intern op 11th Oct Early"]
[Site "Chess.com INT"]
[Date "2022.10.11"]
[Round "2"]
[White "Ulziikhishigjargal, Ochirkhuyag"]
[Black "Martinez Alcantara, Jose Eduardo"]
[Result "0-1"]
[WhiteElo "2020"]
[BlackElo "2599"]
[PlyCount "146"]
[EventDate "2022.10.11"]
[EventType "swiss (blitz)"]
[EventRounds "11"]
[EventCountry "USA"]
[SourceTitle "EXT 2024"]
[Source "ChessBase"]
[SourceDate "2023.10.10"]
[SourceVersion "1"]
[SourceVersionDate "2023.10.10"]
[SourceQuality "1"]

1. d4 Nf6 2. Nf3 e6 3. Bf4 b6 4. e3 Bb7 5. Nbd2 Be7 6. Bd3 0-0 7. 0-0 c5 8. c3 cxd4 9. exd4 d6 10. Qe2 Nbd7 11. Rad1 Re8 12. Rfe1 Qc7 13. Nf1 Bf8 14. Ng3 e5 15. dxe5 dxe5 16. Nxe5 Bd6 17. Nxd7 Rxe2 18. Nxf6+ gxf6 19. Bxe2 Bxf4 20. Bf3 Bxf3 21. gxf3 Bxg3 22. hxg3 Rd8 23. Kg2 Kg7 24. a3 Rxd1 25. Rxd1 Qc6 26. Rd4 a5 27. a4 Qe6 28. b4 Qb3 29. bxa5 bxa5 30. Rg4+ Kf8 31. Rf4 Qxc3 32. Re4 f5 33. Rf4 Qc2 34. Kg1 Kg7 35. Kg2 Kg6 36. Kg1 Kg5 37. Kg2 Qc1 38. Rh4 h5 39. Rd4 Qc3 40. Rf4 Qd3 41. Rh4 Qd6 42. Rc4 Qd5 43. Rf4 Kf6 44. Rh4 Qd1 45. Rc4 Qb3 46. Rh4 Ke5 47. Rf4 f6 48. Kg1 Qa3 49. Kg2 Qc3 50. Rh4 Qb4 51. Kf1 Qxh4 52. gxh4 Kd4 53. Ke2 f4 54. Kd2 Kc4 55. Kc2 Kb4 56. Kb2 Kxa4 57. Ka2 Kb4 58. Kb2 a4 59. Ka2 Kc3 60. Ka3 Kd2 61. Kxa4 Ke2 62. Kb4 Kxf2 63. Kc4 Kxf3 64. Kd5 Kg3 65. Ke6 f3 66. Kxf6 f2 67. Kg5 f1Q 68. Kxh5 Qf5+ 69. Kh6 Kxh4 70. Kg7 Kg5 71. Kh8 Qd7 72. Kg8 Kg6 73. Kf8 Qd8# 0-1

[Event "Titled Tuesday intern op 15th June"]
[Site "Chess.com INT"]
[Date "2021.06.15"]
[Round "9"]
[White "Ulziikhishigjargal, Ochirkhuyag"]
[Black "Dmitrenko, Viktor"]
[Result "1-0"]
[WhiteElo "2020"]
[BlackElo "2444"]
[PlyCount "85"]
[EventDate "2021.06.15"]
[EventType "swiss (blitz)"]
[EventRounds "11"]
[EventCountry "USA"]
[SourceTitle "CBM 203 Extra"]
[Source "ChessBase"]
[SourceDate "2021.09.30"]
[SourceVersion "1"]
[SourceVersionDate "2021.09.30"]
[SourceQuality "1"]

1. c4 e6 2. Nf3 Nf6 3. g3 g6 4. Bg2 Bg7 5. 0-0 0-0 6. d3 d5 7. cxd5 exd5 8. Nc3 c6 9. a4 Re8 10. Bg5 h6 11. Bxf6 Bxf6 12. d4 a5 13. e3 Na6 14. Ne1 Bf5 15. Nd3 Nb4 16. Nxb4 axb4 17. Ne2 g5 18. Rc1 Qa5 19. b3 Be4 20. Qd2 Bxg2 21. Kxg2 Re4 22. Rc2 Rae8 23. Rc5 Qa6 24. Rc2 Be7 25. h3 Bd6 26. Ng1 Bxg3 27. fxg3 Rxe3 28. Qf2 R8e7 29. Rd2 Rxb3 30. Qf6 Rbe3 31. Qxh6 Rxg3+ 32. Kxg3 Qxf1 33. Qxg5+ Kf8 34. Kh2 b3 35. Rg2 Ke8 36. Qg4 Re6 37. Qg3 Kd7 38. Qxb3 Qf4+ 39. Kh1 Qxd4 40. Qxb7+ Kd6 41. Qb8+ Kc5 42. Qa7+ Kc4 43. Rc2+ 1-0

[Event "Titled Tuesday intern op 15th June"]
[Site "Chess.com INT"]
[Date "2021.06.15"]
[Round "1"]
[White "Ulziikhishigjargal, Ochirkhuyag"]
[Black "Vusatiuk, Vladimir"]
[Result "1-0"]
[WhiteElo "2020"]
[BlackElo "2323"]
[PlyCount "59"]
[EventDate "2021.06.15"]
[EventType "swiss (blitz)"]
[EventRounds "11"]
[EventCountry "USA"]
[SourceTitle "CBM 203 Extra"]
[Source "ChessBase"]
[SourceDate "2021.09.30"]
[SourceVersion "1"]
[SourceVersionDate "2021.09.30"]
[SourceQuality "1"]

1. d4 Nf6 2. Nf3 e6 3. Bg5 h6 4. Bxf6 Qxf6 5. e4 c5 6. e5 Qd8 7. Nc3 cxd4 8. Qxd4 Nc6 9. Qf4 d5 10. exd6 Bxd6 11. Qg4 0-0 12. Bd3 e5 13. Qh5 f5 14. 0-0-0 Be6 15. h4 e4 16. Ng5 hxg5 17. hxg5 exd3 18. g3 Ne7 19. Rxd3 Qb6 20. g6 Nxg6 21. Qxg6 Rf6 22. Qh7+ Kf7 23. Qh5+ Kf8 24. Nd5 Bxd5 25. Rxd5 Re8 26. Qh8+ Kf7 27. Qh5+ g6 28. Qh7+ Ke6 29. Rd2 Be5 30. Qd7# 1-0

[Event "Speed Chess (Women) Q3"]
[Site "Chess.com INT"]
[Date "2021.05.30"]
[Round "17"]
[White "Narva, Regina R"]
[Black "Ulziikhishigjargal, Ochirkhuyag"]
[Result "0-1"]
[WhiteElo "1901"]
[BlackElo "2020"]
[PlyCount "90"]
[EventDate "2021.05.30"]
[EventType "swiss (blitz)"]
[EventRounds "21"]
[EventCountry "USA"]
[SourceTitle "CBM 202 Extra"]
[Source "ChessBase"]
[SourceDate "2021.07.31"]
[SourceVersion "1"]
[SourceVersionDate "2021.07.31"]
[SourceQuality "1"]

1. e4 c6 2. d4 d5 3. f3 g6 4. e5 Bg7 5. f4 h5 6. Nf3 Nh6 7. c3 Bg4 8. Bd3 e6 9. h3 Bxf3 10. Qxf3 Nf5 11. Nd2 h4 12. Nf1 c5 13. g4 hxg3 14. Nxg3 Nxg3 15. Qxg3 cxd4 16. cxd4 Nc6 17. 0-0 Qh4 18. Kh2 Nxd4 19. Be3 Nc6 20. Bb5 Qxg3+ 21. Kxg3 Kd7 22. Rac1 a6 23. Ba4 Bf8 24. a3 Be7 25. b4 b5 26. Bb3 Rac8 27. Rfd1 Rc7 28. Bb6 Rcc8 29. Bxd5 exd5 30. Rxd5+ Ke6 31. Rcd1 Nb8 32. Kg4 Rh4+ 33. Kg3 Rc3+ 34. Kg2 Rhxh3 35. Rd6+ Bxd6 36. Rxd6+ Kf5 37. Rf6+ Kg4 38. e6 Rc2+ 39. Kg1 Rg3+ 40. Kf1 Rf3+ 41. Ke1 fxe6 42. Rxg6+ Kf5 43. Rg5+ Kxf4 44. Rg8 Nc6 45. Rf8+ Ke4 0-1

[Event "Speed Chess (Women) Q3"]
[Site "Chess.com INT"]
[Date "2021.05.30"]
[Round "13"]
[White "Ulziikhishigjargal, Ochirkhuyag"]
[Black "Froewis, Annika"]
[Result "1-0"]
[WhiteElo "2020"]
[BlackElo "2143"]
[PlyCount "91"]
[EventDate "2021.05.30"]
[EventType "swiss (blitz)"]
[EventRounds "21"]
[EventCountry "USA"]
[SourceTitle "CBM 202 Extra"]
[Source "ChessBase"]
[SourceDate "2021.07.31"]
[SourceVersion "1"]
[SourceVersionDate "2021.07.31"]
[SourceQuality "1"]

1. Nf3 e6 2. e3 d5 3. b3 Nf6 4. Bb2 Be7 5. c4 0-0 6. Nc3 c5 7. Rc1 Nc6 8. Bd3 d4 9. exd4 Nxd4 10. Nxd4 Qxd4 11. Qc2 b6 12. Ne4 Qd8 13. Nxf6+ Bxf6 14. Bxh7+ Kh8 15. Be4 Rb8 16. 0-0 Bxb2 17. Qxb2 Qd4 18. Qxd4 cxd4 19. c5 Bb7 20. c6 Ba6 21. Rfe1 Rbc8 22. a4 Rc7 23. b4 b5 24. Rc5 bxa4 25. b5 Bc8 26. Rc4 g6 27. Rxd4 e5 28. Rxa4 f5 29. Bd5 Rd8 30. Rxe5 Rg7 31. f4 Rc7 32. Kf2 Kg7 33. h4 Kf6 34. Ke3 Re7 35. Rxe7 Kxe7 36. Bf3 Kd6 37. Rxa7 Re8+ 38. Kf2 Kc5 39. Rg7 Kxb5 40. Rxg6 Rd8 41. d3 Kc5 42. Ke3 Ba6 43. c7 Re8+ 44. Kf2 Bxd3 45. Rc6+ Kd4 46. c8Q 1-0

[Event "Titled Tuesday intern op 18th May"]
[Site "Chess.com INT"]
[Date "2021.05.18"]
[Round "6"]
[White "Ulziikhishigjargal, Ochirkhuyag"]
[Black "Al Tarbosh, Ward"]
[Result "0-1"]
[WhiteElo "2020"]
[BlackElo "2189"]
[PlyCount "126"]
[EventDate "2021.05.18"]
[EventType "swiss (blitz)"]
[EventRounds "11"]
[EventCountry "USA"]
[SourceTitle "CBM 202 Extra"]
[Source "ChessBase"]
[SourceDate "2021.07.31"]
[SourceVersion "1"]
[SourceVersionDate "2021.07.31"]
[SourceQuality "1"]

1. Nf3 d5 2. e3 Nf6 3. b3 c5 4. Bb2 e6 5. Bb5+ Nbd7 6. 0-0 a6 7. Be2 Bd6 8. c4 0-0 9. Nc3 b6 10. Rc1 Bb7 11. Qc2 Qc7 12. Qb1 Ne4 13. cxd5 exd5 14. Rfd1 Rae8 15. Qa1 Nxc3 16. Bxc3 Ne5 17. Nxe5 Bxe5 18. g3 d4 19. Bxd4 Bxd4 20. Qxd4 Qc6 21. f3 cxd4 22. Rxc6 Bxc6 23. Kf2 dxe3+ 24. dxe3 Rd8 25. Rc1 Bb5 26. Rc2 Bxe2 27. Kxe2 Rc8 28. Rb2 Rfd8 29. a4 Kf8 30. f4 f5 31. h3 Ke7 32. g4 g6 33. b4 Ke6 34. b5 a5 35. Ra2 Rc4 36. Kf3 Rd3 37. gxf5+ gxf5 38. Rg2 Re4 39. Re2 Rxa4 40. Rc2 Re4 41. Rc6+ Kd5 42. Kg3 Rdxe3+ 43. Kh4 Re6 44. Rc8 a4 45. Rc7 h6 46. Ra7 a3 47. Ra4 R6e4 48. Ra6 Rxf4+ 49. Kh5 Rxh3+ 50. Kg6 Kc5 51. Kf6 Kxb5 52. Ra8 Ra4 53. Rd8 a2 54. Rd5+ Kc6 55. Rd1 a1Q+ 56. Rxa1 Rxa1 57. Kg6 Rg3+ 58. Kxf5 Re1 59. Kf4 Rg8 60. Kf3 Rf8+ 61. Kg4 Rg1+ 62. Kh5 Rf2 63. Kh4 Rh2# 0-1

[Event "Titled Tuesday intern op 18th May"]
[Site "Chess.com INT"]
[Date "2021.05.18"]
[Round "7"]
[White "Voege, Tobias"]
[Black "Ulziikhishigjargal, Ochirkhuyag"]
[Result "0-1"]
[WhiteElo "2324"]
[BlackElo "2020"]
[PlyCount "110"]
[EventDate "2021.05.18"]
[EventType "swiss (blitz)"]
[EventRounds "11"]
[EventCountry "USA"]
[SourceTitle "CBM 202 Extra"]
[Source "ChessBase"]
[SourceDate "2021.07.31"]
[SourceVersion "1"]
[SourceVersionDate "2021.07.31"]
[SourceQuality "1"]

1. d4 Nf6 2. c4 g6 3. Nc3 Bg7 4. Nf3 0-0 5. Bg5 c5 6. d5 d6 7. e3 Bg4 8. Be2 Na6 9. 0-0 Nc7 10. a4 a6 11. Nd2 Bd7 12. f4 Rb8 13. Qc2 b5 14. axb5 axb5 15. cxb5 Nxb5 16. Bxb5 Bxb5 17. Rf3 Qb6 18. e4 Bd7 19. Nc4 Qb4 20. Qd3 Rfe8 21. h3 Ra8 22. Raf1 Bb5 23. Nxb5 Qxb5 24. e5 Nd7 25. e6 Bd4+ 26. Kh2 fxe6 27. dxe6 Nf6 28. Bxf6 Bxf6 29. f5 g5 30. h4 gxh4 31. Qe4 Kh8 32. g3 Rad8 33. Rd1 Rg8 34. gxh4 Rg7 35. Rg3 Rdg8 36. Rdg1 Rxg3 37. Rxg3 Rxg3 38. Kxg3 Bxb2 39. Kg4 Bf6 40. Kh5 Qe8+ 41. Kg4 h5+ 42. Kh3 Kh7 43. Ne3 Qg8 44. Nd5 Be5 45. Qf3 Qe8 46. Nf4 Bxf4 47. Qxf4 Qf8 48. Qg5 Qg7 49. Qxh5+ Kg8 50. Qe8+ Qf8 51. Qg6+ Qg7 52. h5 Qxg6 53. fxg6 c4 54. Kg4 c3 55. Kf3 c2 0-1

[Event "FIDE World Uni Rapid-D 1st"]
[Site "Tornelo INT"]
[Date "2021.03.21"]
[Round "8"]
[White "Habibi, Azmi Nur"]
[Black "Ulziikhishigjargal, Ochirkhuyag"]
[Result "0-1"]
[WhiteElo "1986"]
[BlackElo "2020"]
[PlyCount "48"]
[EventDate "2021.03.20"]
[EventType "swiss (rapid)"]
[EventRounds "12"]
[EventCountry "NET"]
[SourceTitle "EXT 2022"]
[Source "ChessBase"]
[SourceDate "2021.10.06"]
[SourceVersion "1"]
[SourceVersionDate "2021.10.06"]
[SourceQuality "1"]

1. e4 e5 2. Nf3 Nc6 3. Bb5 a6 4. Ba4 Nf6 5. 0-0 b5 6. Bb3 Be7 7. Re1 0-0 8. c3 d5 9. exd5 e4 10. dxc6 exf3 11. g3 Bg4 12. d4 Re8 13. Nd2 Bf8 14. Nf1 Qd6 15. Bf4 Qxc6 16. Ne3 Bd6 17. d5 Qd7 18. Bg5 Ne4 19. Nxg4 Nxg5 20. Qd4 h5 21. h4 Nh3+ 22. Kh2 hxg4 23. Bc2 Rxe1 24. Rd1 Rxd1 0-1

[Event "FIDE World Uni Rapid-D 1st"]
[Site "Tornelo INT"]
[Date "2021.03.21"]
[Round "9"]
[White "Sargsyan, Anna M"]
[Black "Ulziikhishigjargal, Ochirkhuyag"]
[Result "1-0"]
[WhiteElo "2380"]
[BlackElo "2020"]
[PlyCount "87"]
[EventDate "2021.03.20"]
[EventType "swiss (rapid)"]
[EventRounds "12"]
[EventCountry "NET"]
[SourceTitle "EXT 2022"]
[Source "ChessBase"]
[SourceDate "2021.10.06"]
[SourceVersion "1"]
[SourceVersionDate "2021.10.06"]
[SourceQuality "1"]

1. d4 Nf6 2. c4 e6 3. Nf3 b6 4. g3 Bb7 5. Bg2 Be7 6. 0-0 0-0 7. d5 exd5 8. Nh4 c5 9. Nc3 Ne4 10. Nxd5 Bxh4 11. Bxe4 Bg5 12. Bxg5 Qxg5 13. Ne7+ Qxe7 14. Bxb7 Nc6 15. Bxa8 Rxa8 16. e3 Rd8 17. Qd5 Nb4 18. Qb7 Qe6 19. b3 a5 20. Rfd1 Kf8 21. a3 Qc6 22. Qxc6 Nxc6 23. Rd6 Ke7 24. Rad1 h5 25. Kg2 g6 26. f4 a4 27. bxa4 Na5 28. Rxb6 Nxc4 29. Rb3 Ra8 30. Rc3 Rxa4 31. Rdc1 Nd6 32. Rxc5 Rxa3 33. Re5+ Kf6 34. Rc7 Nf5 35. e4 d6 36. Re8 Ne3+ 37. Kh3 Ng4 38. Rf8 Nh6 39. Rd8 Rd3 40. e5+ Kf5 41. Rxd6 Re3 42. Rxf7+ Nxf7 43. Rf6+ Ke4 44. Rxf7 1-0

[Event "FIDE World Uni Rapid-D 1st"]
[Site "Tornelo INT"]
[Date "2021.03.20"]
[Round "6"]
[White "Morata, Jules"]
[Black "Ulziikhishigjargal, Ochirkhuyag"]
[Result "0-1"]
[WhiteElo "1568"]
[BlackElo "2020"]
[PlyCount "42"]
[EventDate "2021.03.20"]
[EventType "swiss (rapid)"]
[EventRounds "12"]
[EventCountry "NET"]
[SourceTitle "EXT 2022"]
[Source "ChessBase"]
[SourceDate "2021.10.06"]
[SourceVersion "1"]
[SourceVersionDate "2021.10.06"]
[SourceQuality "1"]

1. e4 e5 2. Nc3 Nc6 3. Bc4 Nf6 4. d3 Bc5 5. f4 d6 6. f5 Bd7 7. a3 a6 8. g4 h5 9. g5 Ng4 10. Qe2 Nf2 11. Nf3 Nxh1 12. Be3 Nd4 13. Bxd4 Bxd4 14. Nxd4 exd4 15. Nd5 c6 16. Qg2 cxd5 17. Bxd5 Bc6 18. Bb3 Qa5+ 19. Ke2 Qxf5 20. h3 Qf4 21. Rf1 Ng3+ 0-1

[Event "Asia-ch Universities (Women)"]
[Site "Chess.com INT"]
[Date "2020.12.16"]
[Round "6"]
[White "Khulan, Enkhsaikhan"]
[Black "Ulziikhishigjargal, Ochirkhuyag"]
[Result "1-0"]
[WhiteElo "1889"]
[BlackElo "1771"]
[PlyCount "69"]
[EventDate "2020.12.15"]
[EventType "swiss"]
[EventRounds "9"]
[EventCountry "IRI"]
[SourceTitle "EXT 2022"]
[Source "ChessBase"]
[SourceDate "2021.10.06"]
[SourceVersion "1"]
[SourceVersionDate "2021.10.06"]
[SourceQuality "1"]

1. d4 Nf6 2. c4 e6 3. Nc3 Bb4 4. Qc2 d5 5. cxd5 Qxd5 6. Nf3 Qf5 7. Qxf5 exf5 8. Bd2 c6 9. e3 Be6 10. Bd3 Nbd7 11. 0-0 0-0 12. a3 Bxc3 13. Bxc3 Ne4 14. Nd2 Ndf6 15. Rac1 Rfd8 16. Nc4 Nd5 17. Ne5 f6 18. Nf3 Rac8 19. Ba5 b6 20. Be1 Kf7 21. Nd2 Nxd2 22. Bxd2 c5 23. Ba6 Rc7 24. dxc5 bxc5 25. Ba5 Nb6 26. Rfd1 Rcd7 27. Rxd7+ Rxd7 28. h4 Rc7 29. Kf1 Bd5 30. f3 Ke6 31. Ke2 h5 32. Bb5 Kd6 33. Rd1 g5 34. Bxb6 axb6 35. Bc4 1-0

[Event "Titled Tuesday intern op 26th May"]
[Site "Chess.com INT"]
[Date "2020.05.26"]
[Round "1"]
[White "Ulziikhishigjargal, Ochirkhuyag"]
[Black "Belova, Olga"]
[Result "1-0"]
[WhiteElo "2020"]
[BlackElo "2069"]
[PlyCount "43"]
[EventDate "2020.05.26"]
[EventType "swiss (blitz)"]
[EventRounds "10"]
[EventCountry "USA"]
[SourceTitle "CBM 196 Extra"]
[Source "ChessBase"]
[SourceDate "2020.07.31"]
[SourceVersion "1"]
[SourceVersionDate "2020.07.31"]
[SourceQuality "1"]

1. c4 Nf6 2. Nc3 e6 3. g3 Bb4 4. Bg2 c6 5. Nf3 0-0 6. 0-0 d5 7. d4 b6 8. Qb3 Be7 9. Bf4 Bb7 10. Rac1 Nbd7 11. Rfd1 Rc8 12. Ne5 Nh5 13. Be3 f5 14. cxd5 exd5 15. Nxd5 Nxe5 16. Nxe7+ Kh8 17. Nxc8 Ng4 18. Nxa7 f4 19. Bxf4 Nxf4 20. gxf4 Rxf4 21. Qg3 Qf6 22. e3 1-0

[Event "Titled Tuesday intern op 26th May"]
[Site "Chess.com INT"]
[Date "2020.05.26"]
[Round "7"]
[White "Ulziikhishigjargal, Ochirkhuyag"]
[Black "Bluebaum, Matthias"]
[Result "1-0"]
[WhiteElo "2020"]
[BlackElo "2647"]
[PlyCount "95"]
[EventDate "2020.05.26"]
[EventType "swiss (blitz)"]
[EventRounds "10"]
[EventCountry "USA"]
[SourceTitle "CBM 196 Extra"]
[Source "ChessBase"]
[SourceDate "2020.07.31"]
[SourceVersion "1"]
[SourceVersionDate "2020.07.31"]
[SourceQuality "1"]

1. c4 e6 2. g3 d5 3. Bg2 Nf6 4. Nf3 dxc4 5. 0-0 a6 6. a4 Nc6 7. Na3 Na5 8. Qc2 Qd5 9. Rd1 Bd7 10. d3 cxd3 11. Rxd3 Qc5 12. Qd1 Bd6 13. Be3 Qh5 14. h3 0-0 15. b4 Nc6 16. g4 Nxg4 17. hxg4 Qxg4 18. b5 axb5 19. Nxb5 Ne5 20. Nxe5 Bxe5 21. Rxd7 Bxa1 22. Qxa1 Rxa4 23. Qe1 Qg6 24. Nd4 Rfa8 25. Rxc7 h5 26. Kh2 Qf6 27. Nf3 h4 28. Qc3 Qg6 29. Ne5 Qh5 30. Nxf7 Rg4 31. Ne5 Rg5 32. Bxg5 Qxg5 33. Qe3 Qf5 34. Bh3 Qf6 35. Rxb7 Rf8 36. Kg2 Kh7 37. Qe4+ Kg8 38. f3 Qg5+ 39. Bg4 h3+ 40. Kxh3 Qh6+ 41. Kg2 Qh4 42. Bxe6+ Kh8 43. Qg6 Qf4 44. Qh5+ Qh6 45. Ng6+ Kh7 46. Nxf8+ Kh8 47. Qxh6+ gxh6 48. Rh7# 1-0

[Event "Titled Tuesday intern op 26th May"]
[Site "Chess.com INT"]
[Date "2020.05.26"]
[Round "6"]
[White "Ulziikhishigjargal, Ochirkhuyag"]
[Black "Quesada Perez, Yuniesky"]
[Result "1/2-1/2"]
[WhiteElo "2020"]
[BlackElo "2598"]
[PlyCount "113"]
[EventDate "2020.05.26"]
[EventType "swiss (blitz)"]
[EventRounds "10"]
[EventCountry "USA"]
[SourceTitle "CBM 196 Extra"]
[Source "ChessBase"]
[SourceDate "2020.07.31"]
[SourceVersion "1"]
[SourceVersionDate "2020.07.31"]
[SourceQuality "1"]

1. c4 e5 2. Nc3 Nf6 3. g3 Nc6 4. Bg2 Bb4 5. Nf3 0-0 6. 0-0 d6 7. d3 h6 8. Bd2 a5 9. a3 Bc5 10. Rb1 Be6 11. e4 Bg4 12. h3 Bxf3 13. Bxf3 Nd4 14. Bg2 c6 15. Kh2 b5 16. cxb5 cxb5 17. Ne2 a4 18. Bc3 Qb6 19. f4 Nxe2 20. Qxe2 Bd4 21. Rbc1 Rac8 22. fxe5 dxe5 23. Bxd4 Qxd4 24. Rxc8 Rxc8 25. Rxf6 Rc1 26. Rf2 b4 27. axb4 Qxb4 28. Qf3 Rc7 29. h4 Qd4 30. Bh3 Rb7 31. Qe2 h5 32. Kg2 g6 33. Qc2 Kg7 34. g4 hxg4 35. Bxg4 Qd8 36. Qc6 Qxh4 37. Bh3 Qg5+ 38. Kh2 Qe3 39. Qf6+ Kg8 40. Be6 Qh6+ 41. Bh3 Qe3 42. Rg2 Qxd3 43. Be6 Qxe4 44. Qxg6+ Qxg6 45. Rxg6+ Kf8 46. Bd5 Rxb2+ 47. Rg2 a3 48. Rxb2 axb2 49. Ba2 Ke7 50. Kg3 f5 51. Kf3 Kd6 52. Ke3 f4+ 53. Ke4 Kc5 54. Kd3 f3 55. Ke3 e4 56. Bb1 Kb4 57. Bxe4 1/2-1/2

[Event "Wch U20 Girls 37th"]
[Site "New Delhi"]
[Date "2019.10.24"]
[Round "10"]
[White "Ulziikhishigjargal, Ochirkhuyag"]
[Black "Tsotsonava, Elene"]
[Result "0-1"]
[WhiteElo "2194"]
[BlackElo "1905"]
[PlyCount "98"]
[EventDate "2019.10.15"]
[EventType "swiss"]
[EventRounds "11"]
[EventCountry "IND"]
[SourceTitle "CBM 192 Extra"]
[Source "Chessbase"]
[SourceDate "2019.11.06"]
[SourceVersion "1"]
[SourceVersionDate "2019.11.06"]
[SourceQuality "1"]

1. e4 c5 2. Nf3 b6 3. d4 cxd4 4. Nxd4 Bb7 5. Nc3 a6 6. Bd3 d6 7. 0-0 Nf6 8. Qe2 Qc7 9. Bd2 g6 10. Rae1 Bg7 11. Nb3 0-0 12. f4 e6 13. f5 Nbd7 14. Kh1 exf5 15. exf5 Rae8 16. Qf2 Ne5 17. h3 Nxd3 18. cxd3 Nh5 19. d4 d5 20. Rxe8 Rxe8 21. Re1 Rxe1+ 22. Qxe1 Ng3+ 23. Kg1 Nxf5 24. Qe8+ Bf8 25. Ne2 Bc6 26. Bf4 Qxf4 27. Qxf8+ Kxf8 28. Nxf4 a5 29. Ne2 Ke7 30. Kf2 Nd6 31. Nbc1 Ne4+ 32. Ke3 f5 33. Nf4 Kf6 34. Nfd3 g5 35. Ne5 Bb5 36. Nb3 f4+ 37. Kf3 Kf5 38. Nc1 h5 39. Ncd3 g4+ 40. hxg4+ hxg4+ 41. Ke2 Ng3+ 42. Kd2 Nf1+ 43. Ke2 Ke4 44. Kxf1 Bxd3+ 45. Ke1 g3 46. Nf3 Ke3 47. a3 Be4 48. Nh4 Kxd4 49. Kd2 Ke5 0-1

[Event "Wch U20 Girls 37th"]
[Site "New Delhi"]
[Date "2019.10.18"]
[Round "5"]
[White "Onur, Cigdem"]
[Black "Ulziikhishigjargal, Ochirkhuyag"]
[Result "1-0"]
[WhiteElo "1913"]
[BlackElo "2194"]
[PlyCount "132"]
[EventDate "2019.10.15"]
[EventType "swiss"]
[EventRounds "11"]
[EventCountry "IND"]
[SourceTitle "CBM 192 Extra"]
[Source "Chessbase"]
[SourceDate "2019.11.06"]
[SourceVersion "1"]
[SourceVersionDate "2019.11.06"]
[SourceQuality "1"]

1. e4 e5 2. Nf3 Nc6 3. Nc3 Nf6 4. Bb5 Bb4 5. 0-0 0-0 6. d3 Bxc3 7. bxc3 d6 8. Bg5 Qe7 9. Re1 Nd8 10. d4 Ne6 11. Bc1 c6 12. Bf1 Rd8 13. g3 Nf8 14. Nh4 h6 15. Qe2 Re8 16. Bg2 Be6 17. a4 b6 18. Ba3 c5 19. Bb2 Qc7 20. d5 Bd7 21. c4 g5 22. Nf5 Bxf5 23. exf5 Qd7 24. g4 Reb8 25. Reb1 a6 26. Bc1 N8h7 27. Ra3 Ra7 28. h3 Rab7 29. Bf1 Ne8 30. f3 Nc7 31. Be3 Kg7 32. Kf2 Qe8 33. Qd2 Qe7 34. Bd3 Nf6 35. Bxg5 hxg5 36. Qxg5+ Kf8 37. Qh6+ Ke8 38. g5 Ng8 39. Qh8 Qf8 40. f6 Ne7 41. Qxf8+ Kxf8 42. fxe7+ Kxe7 43. Rab3 a5 44. h4 f6 45. Kg3 Ne8 46. Kg4 fxg5 47. hxg5 Ng7 48. f4 exf4 49. Re1+ Kf7 50. Rf1 Re7 51. Rxf4+ Kg8 52. Bg6 Re1 53. Bf7+ Kf8 54. Be6+ Ke8 55. Rbf3 Rg1+ 56. Kh4 Nxe6 57. dxe6 Ke7 58. Rf7+ Kxe6 59. R7f6+ Ke5 60. R6f5+ Ke4 61. R5f4+ Ke5 62. Rf5+ Ke6 63. Rf6+ Kd7 64. Rf7+ Kc6 65. Rf8 Rxf8 66. Rxf8 Kd7 1-0

[Event "Wch U20 Girls 37th"]
[Site "New Delhi"]
[Date "2019.10.17"]
[Round "3"]
[White "Pandey, Srishti"]
[Black "Ulziikhishigjargal, Ochirkhuyag"]
[Result "1/2-1/2"]
[WhiteElo "1963"]
[BlackElo "2194"]
[PlyCount "130"]
[EventDate "2019.10.15"]
[EventType "swiss"]
[EventRounds "11"]
[EventCountry "IND"]
[SourceTitle "CBM 192 Extra"]
[Source "Chessbase"]
[SourceDate "2019.11.06"]
[SourceVersion "1"]
[SourceVersionDate "2019.11.06"]
[SourceQuality "1"]

1. e4 e5 2. Nc3 Nf6 3. Bc4 Bc5 4. d3 Nc6 5. f4 exf4 6. Bxf4 d6 7. Nf3 Nd4 8. Qd2 Bg4 9. Nxd4 Bxd4 10. h3 Bd7 11. 0-0-0 Qe7 12. Bg5 Bxc3 13. bxc3 Be6 14. Bxf6 Qxf6 15. Rhf1 Qe7 16. Bxe6 Qxe6 17. c4 0-0 18. Rf5 g6 19. Rb5 b6 20. Qg5 a6 21. Rb2 f5 22. exf5 Rxf5 23. Qd2 Raf8 24. c3 d5 25. cxd5 Qxd5 26. Qc2 Kg7 27. Qb3 Qe5 28. Rbd2 Rf2 29. Kc2 Qg5 30. Qc4 Qg3 31. Qe4 Qd6 32. Rxf2 Rxf2+ 33. Rd2 Rf4 34. Qe8 Rf8 35. Qe4 Rf4 36. Qe8 Qd5 37. Qe7+ Rf7 38. Qa3 a5 39. c4 Qe6 40. Qc3+ Kg8 41. Qd4 b5 42. Qe4 Qxe4 43. dxe4 bxc4 44. Kc3 Rf4 45. Re2 Kf7 46. Kxc4 Ke6 47. Kb5 Rf1 48. a4 Rb1+ 49. Kxa5 Ke5 50. Rc2 Kxe4 51. Rxc7 h5 52. Rc5 Kf4 53. h4 Kg3 54. Rb5 Ra1 55. Rb4 Kxg2 56. Kb6 Rf1 57. a5 Rf6+ 58. Kb7 Rf7+ 59. Kc8 g5 60. hxg5 Rf5 61. a6 Rxg5 62. a7 Ra5 63. Kb7 Kg3 64. Rb3+ Kg2 65. Rb6 Rxa7+ 1/2-1/2

[Event "Wch U20 Girls 37th"]
[Site "New Delhi"]
[Date "2019.10.15"]
[Round "1"]
[White "Bhagyashree, Patil"]
[Black "Ulziikhishigjargal, Ochirkhuyag"]
[Result "1-0"]
[WhiteElo "1802"]
[BlackElo "2194"]
[PlyCount "98"]
[EventDate "2019.10.15"]
[EventType "swiss"]
[EventRounds "11"]
[EventCountry "IND"]
[SourceTitle "CBM 192 Extra"]
[Source "Chessbase"]
[SourceDate "2019.11.06"]
[SourceVersion "1"]
[SourceVersionDate "2019.11.06"]
[SourceQuality "1"]

1. e4 e5 2. Nf3 Nc6 3. Bc4 Bc5 4. c3 Nf6 5. d3 d6 6. 0-0 a6 7. Bb3 Ba7 8. Nbd2 0-0 9. h3 h6 10. Re1 Be6 11. Nf1 Nh5 12. Be3 Nf4 13. d4 Bxb3 14. axb3 Ng6 15. Ng3 Re8 16. b4 Nh4 17. d5 Nxf3+ 18. Qxf3 Ne7 19. Nh5 Bxe3 20. Rxe3 Ng6 21. c4 Qg5 22. Qg4 Qxg4 23. hxg4 Nf8 24. Rea3 Rab8 25. Ng3 g6 26. Nf1 Nd7 27. Ne3 Kf8 28. Kf1 Ke7 29. Ke2 Rh8 30. Rh1 Nf6 31. f3 h5 32. gxh5 Nxh5 33. Kf2 Nf6 34. Rc1 Nd7 35. c5 Rhc8 36. Nc4 dxc5 37. bxc5 Nxc5 38. Nxe5 Nd7 39. Nxd7 Kxd7 40. Ke3 Rh8 41. Rac3 Rbc8 42. Rb3 b6 43. Rbc3 Rh2 44. Kf2 Rhh8 45. Rc6 a5 46. Ke3 Rhg8 47. f4 Rge8 48. R1c2 Rh8 49. e5 Rhe8 1-0

[Event "SCO op"]
[Site "Qingdao"]
[Date "2019.09.27"]
[Round "9"]
[White "Pang, Tao"]
[Black "Ulziikhishigjargal, Ochirkhuyag"]
[Result "1-0"]
[WhiteElo "2374"]
[BlackElo "2238"]
[PlyCount "69"]
[EventDate "2019.09.19"]
[EventType "swiss"]
[EventRounds "9"]
[EventCountry "CHN"]
[SourceTitle "EXT 2020"]
[Source "ChessBase"]
[SourceDate "2019.10.17"]
[SourceVersion "1"]
[SourceVersionDate "2019.10.17"]
[SourceQuality "1"]

1. c4 Nf6 2. Nc3 e6 3. Nf3 b6 4. e4 d6 5. d4 Bb7 6. Bd3 Nfd7 7. 0-0 Be7 8. Be3 e5 9. d5 a5 10. a3 Na6 11. Rb1 0-0 12. b4 Bc8 13. Na4 Bf6 14. Qc2 axb4 15. axb4 g6 16. Rfc1 Bg7 17. h3 Rb8 18. c5 bxc5 19. bxc5 Rxb1 20. Rxb1 Naxc5 21. Nxc5 Nxc5 22. Bxc5 dxc5 23. Qxc5 Qf6 24. Ne1 Qg5 25. Kf1 f5 26. Qxc7 fxe4 27. Bxe4 Qf4 28. Qc2 Qh2 29. d6 Bh6 30. Nd3 Be3 31. Ke2 Bd4 32. Qc6 Bxh3 33. gxh3 Rxf2+ 34. Nxf2 Qxf2+ 35. Kd3 1-0